Essentials of marketing : a global managerial approach
Αποθηκεύτηκε σε:
| Κύριος συγγραφέας: | |
|---|---|
| Άλλοι συγγραφείς: | |
| Μορφή: | Βιβλίο |
| Γλώσσα: | English |
| Δημοσίευση: |
Burr Ridge, Illinois :
Irwin,
1994.
|
| Έκδοση: | 6η έκδ. |
| Θέματα: | |
| Ετικέτες: |
Προσθήκη ετικέτας
Δεν υπάρχουν, Καταχωρήστε ετικέτα πρώτοι!
|
MARC
| LEADER | 00000cam a2200000 i 4500 | ||
|---|---|---|---|
| 001 | 1/40435 | ||
| 008 | 960201s1994 eng d | ||
| 020 | |a 0-256-12746-8 | ||
| 035 | |l 10025228 | ||
| 040 | |a GR-MY-UA |b gre |e aacr | ||
| 041 | 0 | |a eng | |
| 082 | 0 | |a 658.8 | |
| 100 | 1 | |a McCarthy, E. Jerome |q (Edmund Jerome) | |
| 245 | 1 | 0 | |a Essentials of marketing : |b a global managerial approach / |c E. Jerome McCarthy, William D. Perreault. |
| 250 | |a 6η έκδ. | ||
| 260 | |a Burr Ridge, Illinois : |b Irwin, |c 1994. | ||
| 300 | |a 552 σ. | ||
| 500 | |a Περιλαμβάνει βιβλιογραφικές παραπομπές και ευρετήρια. | ||
| 650 | 0 | 0 | |a Marketing. |
| 700 | 1 | |a Perreault, William D., |c Jr. | |
| 852 | |a INST |b CHIOS |e 19960201 |h 658.8 MCC |p 005200001660 |q 005200001660 |t BK |y 0 | ||
| 909 | |a Χ |b 040413 | ||